大分県の市町村(1960年) - Statistics

General Stats
  • This quiz has been taken 50 times
  • The average score is 59 of 66
Answer Stats
No. 市町村 備考 % Correct
1 大分市
100%
2 別府市
100%
3 中津市
100%
4 日田市
100%
5 佐伯市
100%
6 臼杵市
100%
7 津久見市
100%
10 豊後高田市
100%
16 東国東郡 姫島村
100%
17 東国東郡 国東町 2006年消滅
100%
20 速見郡 日出町
100%
44 大野郡 大野町 2005年消滅
100%
50 玖珠郡 九重町
100%
51 玖珠郡 玖珠町
100%
8 竹田市
97%
11 杵築市
97%
27 大分郡 湯布院町 2005年消滅
93%
30 北海部郡 佐賀関町 2005年消滅
93%
48 直入郡 久住町 2005年消滅
93%
49 直入郡 直入町 2005年消滅
93%
66 宇佐郡 宇佐町 1967年消滅
93%
9 鶴崎市 1963年消滅
90%
24 大分郡 野津原町 2005年消滅
90%
39 大野郡 野津町 2005年消滅
90%
40 大野郡 三重町 2005年消滅
90%
46 大野郡 犬飼町 2005年消滅
90%
47 直入郡 荻町 2005年消滅
90%
53 日田郡 中津江村 2005年消滅
90%
54 日田郡 上津江村 2005年消滅
90%
62 宇佐郡 安心院町 2005年消滅
90%
13 西国東郡 真玉町 2005年消滅
86%
14 西国東郡 香々地町 2005年消滅
86%
18 東国東郡 武蔵町 2006年消滅
86%
19 東国東郡 安岐町 2006年消滅
86%
21 速見郡 山香町 2005年消滅
86%
23 大分郡 大分町 1963年消滅
86%
25 大分郡 挾間町 2005年消滅
86%
26 大分郡 庄内町 2005年消滅
86%
29 北海部郡 坂の市町 1963年消滅
86%
32 南海部郡 弥生村 1966年昇格
86%
33 南海部郡 本匠村 2005年消滅
86%
34 南海部郡 宇目村 1961年昇格
86%
38 南海部郡 蒲江町 2005年消滅
86%
41 大野郡 清川村 2005年消滅
86%
42 大野郡 緒方町 2005年消滅
86%
52 日田郡 前津江村 2005年消滅
86%
55 日田郡 大山村 1969年昇格
86%
59 下毛郡 耶馬溪村 1965年昇格
86%
60 下毛郡 山国町 2005年消滅
86%
61 宇佐郡 院内町 2005年消滅
86%
64 宇佐郡 四日市町 1967年消滅
86%
15 東国東郡 国見町 2006年消滅
83%
36 南海部郡 鶴見村 1961年昇格
83%
37 南海部郡 米水津村 2005年消滅
83%
45 大野郡 千歳村 2005年消滅
83%
57 下毛郡 三光村 2005年消滅
83%
12 西国東郡 大田村 2005年消滅
79%
22 大分郡 大南町 1963年消滅
79%
28 北海部郡 大在村 1963年消滅
79%
31 南海部郡 上浦町 2005年消滅
79%
35 南海部郡 直川村 2005年消滅
79%
43 大野郡 朝地町 2005年消滅
79%
58 下毛郡 本耶馬溪町 2005年消滅
79%
56 日田郡 栄村 1966年昇格
72%
63 宇佐郡 駅川町 1967年消滅
72%
65 宇佐郡 長洲町 1967年消滅
66%
No matching quizzes found
Score Distribution
Percent of People with Each Score
Percentile by Number Answered
Your Score History
You have not taken this quiz